Top tax savings ideas : a small business tax survival kit

Bibliographic Details
Main Author: Stemmy, Thomas J.
Format: Book
Published: Madison : CWL Publishing Enterprises, Inc , 2004
Subjects:

MARC

LEADER 00000cam a2200000 7i4500
001 0000092607
005 20050815.0
020 |a 193215664X 
090 0 0 |a 343.7305268   |b STE 
100 1 |a Stemmy, Thomas J. 
245 1 0 |a Top tax savings ideas :   |b a small business tax survival kit   |c Thomas J. Stemmy 
260 |a Madison :   |b CWL Publishing Enterprises, Inc ,   |c 2004 
300 |a 221p. ;   |c 23cm. 
650 0 0 |a Small buniess   |x Taxation   |x Law and registion   |z United States   |x Popular works 
650 0 0 |a Tax planing   |z United States   |x Popular works 
999 |a 00184037   |b BUKU   |c PINJAMAN   |e PERPUSTAKAAN KOMUNITI PETALING JAYA